000 00382 a2200157 4500
001 58779
020 _a8521500173
040 _cAnchieta - Pituba
100 _aAquino, Rubim Santos Leão de
240 1 0 _aHistória das sociedades
_lpor
245 1 0 _aHistória das sociedades
300 _a457
362 0 _a1980
650 4 _aHistória do mundo antigo até 499 AC.
942 _cBK
999 _c58779
_d58779